La aprehensión y detención del señor Adrian Jean, gerente de la Sociedad Veyan Jean y Cia., sociedad en comandita; (Record no. 37524)

MARC details
000 -LEADER
fixed length control field 00697cam a22002051 4500
001 - CONTROL NUMBER
control field ltf91029350
003 - CONTROL NUMBER IDENTIFIER
control field DLC
005 - DATE AND TIME OF LATEST TRANSACTION
control field 20260227111552.0
008 - FIXED-LENGTH DATA ELEMENTS--GENERAL INFORMATION
fixed length control field 910308s1919 mx 000 0 spa
010 ## - LIBRARY OF CONGRESS CONTROL NUMBER
LC control number ltf91029350
040 ## - CATALOGING SOURCE
Original cataloging agency DLC
Transcribing agency DLC
Modifying agency DLC
043 ## - GEOGRAPHIC AREA CODE
Geographic area code n-mx---
050 00 - LIBRARY OF CONGRESS CALL NUMBER
Classification number KGF138.H54
Item number A67 1919
245 03 - TITLE STATEMENT
Title La aprehensión y detención del señor Adrian Jean, gerente de la Sociedad Veyan Jean y Cia., sociedad en comandita;
Remainder of title su fuga y su extradición.
260 ## - PUBLICATION, DISTRIBUTION, ETC.
Place of publication, distribution, etc. México,
Name of publisher, distributor, etc. Impr. Victoria,
Date of publication, distribution, etc. 1919.
300 ## - PHYSICAL DESCRIPTION
Extent 80 p. ;
Dimensions 23 cm.
610 20 - SUBJECT ADDED ENTRY--CORPORATE NAME
Corporate name or jurisdiction name as entry element Compañía de Hierro y Acero de México, S.A.
610 20 - SUBJECT ADDED ENTRY--CORPORATE NAME
Corporate name or jurisdiction name as entry element Veyan Jean y Compañía, S. en C.
650 #0 - SUBJECT ADDED ENTRY--TOPICAL TERM
Topical term or geographic name entry element Breach of contract
Geographic subdivision Mexico.

No items available.

Powered by Koha